[Event "Corus"]
[Site "Wijk aan Zee"]
[Date "2010.01.21"]
[Round "5"]
[White "Nakamura, Hikaru"]
[Black "Carlsen, Magnus"]
[Result "1/2-1/2"]
[WhiteElo "2708"]
[BlackElo "2810"]
[Annotator "Postny,E"]
[PlyCount "117"]
[EventDate "2010.01.16"]
[EventType "tourn"]
[EventRounds "13"]
[EventCountry "NED"]
[EventCategory "19"]
[SourceTitle "CBM 135"]
[Source "ChessBase"]
[SourceDate "2010.03.17"]
[SourceVersion "1"]
[SourceVersionDate "2010.03.17"]
[SourceQuality "1"]

1. e4 e5 2. Nf3 Nc6 3. Bb5 a6 4. Ba4 Nf6 5. Bxc6 {This line is considered as
pretty harmless for Black and appears very rarely at the top level.} dxc6 6. d3
Bd6 7. Nbd2 Be6 8. O-O O-O 9. b3 Nd7 10. Bb2 b5 ({To my mind the plan with} 
10... c5 11. Nc4 f6 {is more sound for Black. Later on he can perform the
manoeuvre Nd7-b8-c6. The position is approximately equal.}) 11. d4 f6 12. h3 c5
$6 {This decision is also hard to approve. White is eager to push his pawn to
d5 to seize space, and Black is assisting this.} (12... Qe8 {is a logical move,
setting free the d8-square for the rook. Black gets sufficient compensation
for the structural defects. For instance:} 13. dxe5 Nxe5 14. Nxe5 fxe5 15. Qe2
Qg6 $132) 13. d5 {Now White has a small, but stable advantage.} Bf7 14. a4 (14.
c4 {is also good.}) 14... Nb6 15. c4 c6 $1 {Black must play this, the only
real chance for any counterplay.} 16. Nh4 {Going for a kingside attack.} ({
White could adopt a more positional plan as well:} 16. Qc2 cxd5 (16... Qc7 17.
Rfc1 $14 {[%cal Gd2f1,Gf1e3]}) 17. cxd5 Qc7 18. Rfc1 $14 {[%cal Gf3e1,Ge1d3]})
16... Re8 {I don't think Black should let the knight be established on f5 so
easily.} (16... g6 17. Qg4 cxd5 $1 18. cxd5 Qd7 19. Nf5 Bxd5 (19... h5 20. Nh6+
Kg7 21. Qxd7 Nxd7 22. Nxf7 Kxf7 23. Rfc1 $14) 20. a5 Be6 21. axb6 Kh8 22. Qf3
gxf5 23. exf5 Bxf5 24. Rfd1 Qe6 {and Black survives.}) 17. Nf5 Bf8 18. Qg4 (18.
Ne3 $14 {with the idea to forward the knight to d5.}) 18... Kh8 19. f4 ({
An attempt to use the a-file doesn't yield White much:} 19. axb5 axb5 20. Rxa8
Qxa8 21. Ra1 Qb7 22. dxc6 Qxc6 23. Ra7 Bg6 24. Nh4 bxc4 25. bxc4 Nc8 26. Nxg6+
hxg6 {Black is just in time to save the Pg6 and he will be only slightly worse.
}) 19... exf4 20. Qxf4 $6 {This gives Carlsen a chance to come back into the
game.} (20. Rxf4 $1 {White's initiative is very dangerous. Here one sample
spectacular line:} bxc4 21. bxc4 cxd5 22. cxd5 (22. exd5 Bg6 {followed by the
manoeuvre Nb6-d7-e5 with mutual chances.}) 22... Rb8 23. Bc3 (23. Nh6 $2 Bg6
24. Qxg6 hxg6 25. Nf7+ Kg8 26. Nxd8 Rexd8 $11) 23... Qd7 $1 {The only chance
for counterplay.} 24. a5 Na4 25. Bxf6 $1 gxf6 26. Qh4 Bg6 27. Qxf6+ Kg8 28. Rg4
c4 $1 29. Nxc4 Rxe4 $1 30. Rxg6+ $1 hxg6 31. Qxg6+ Kh8 32. Ncd6 Bxd6 33. Nxd6
Re7 34. Rf1 Rg7 35. Qh5+ Kg8 36. Nf5 Rxg2+ $1 37. Kxg2 Qxd5+ 38. Rf3 Rb2+ 39.
Kg3 Qe5+ 40. Kh4 Rb4+ 41. Kg5 Nc5 42. Qg6+ Kf8 43. Qd6+ Qxd6 44. Nxd6+ Ke7 45.
Nf5+ Kf7 {and Black should survive the endgame with a pawn down, thanks to the
very reduced amount of material. Long variations like this normally have
improvements along the way, but, undoubtedly, White should have recaptured
with the rook.}) 20... bxc4 21. bxc4 cxd5 22. cxd5 Qb8 $1 {[%csl Rb2,Rf4] This
is the main drawback of 20.Qxf4.} 23. Qh4 $5 (23. Bc3 Qxf4 24. Rxf4 {is
already very little for White, so Nakamura is looking for more.}) 23... Nxd5
24. Rab1 Qb4 $1 (24... Nb4 25. Nh6 (25. Bxf6 gxf6 26. Qxf6+ Kg8 27. Rb3 Bg6 28.
Rg3 Ra7 29. Rxg6+ hxg6 30. Qxg6+ Kh8 31. Nc4 Nd3 32. Ncd6 Bxd6 33. Nxd6 Rf8 34.
Qh6+ Kg8 35. Qg5+ Kh8 36. Qh6+ Kg8 {White has no more than a perpetual check.})
25... Ba2 26. Rxf6 Ra7 (26... Qd8 27. Qg5 gxf6 28. Bxf6+ Qxf6 29. Qxf6+ Bg7 30.
Qh4 Bxb1 31. Nxb1 {with mutual chances, but a queen + knight is well-known as
a dangerous duo, so Black has to be very careful.}) 27. Nf5 Kg8 28. Qg5 Bxb1
29. Nh6+ Kh8 30. Rf7 Rxf7 31. Nxf7+ Kg8 32. Nh6+ {with perpetual check.}) 25.
Bc1 (25. Bxf6 $2 Qxd2 26. Rbd1 Qe2 27. Nxg7 Nxf6 28. Nxe8 Nxe8 29. Rd7 Nd6 30.
Rxd6 Qe3+ 31. Kh1 Bg8 $17) 25... Qxa4 26. exd5 Qxh4 27. Nxh4 Bxd5 {The
resulting position is approximately balanced. In an endgame like position
normally three pawns overcome a knight, but here Black's pawns are not
connected and he has to be careful not to lose all of them. On the other hand,
White's knights don't have good outposts. With correct play this position
should end in a draw.} 28. Ba3 Re3 29. Ra1 Rd3 30. Rfd1 {A somewhat strange
move, the immediate 30.Nhf3 was called for.} a5 31. Nhf3 a4 32. Rdc1 Kg8 $6 (
32... g6 $1 {[%cal Gf8h6] was a nice idea. Black is at least not worse.}) 33.
Kf2 (33. Bxc5 Bxc5+ 34. Rxc5 a3 35. Kf2 Bf7 {with sufficient compensation for
the piece. A similar position arose in the game later.}) 33... c4 (33... Rc8 $2
34. Ke2 $1 $16 {[%csl Rd3]}) 34. Bxf8 Kxf8 35. Nxc4 Rb3 {Black has lost a pawn,
but the position remains playable for him with strong tendencies for a
peaceful result. White really can't get rid of the annoying a-pawn.} 36. Nfd2
Rb4 37. Ra3 Rc8 38. Rac3 Be6 39. Na3 Rd8 40. Nf3 Rb3 $1 {This exchange will
take the passed pawn closer to the promotion square.} 41. Rxb3 axb3 $11 42. Rc6
Bd5 43. Rb6 Rc8 {White's pieces lack harmony, he can't win this.} 44. Nb5 Rc2+
45. Kg3 h5 $1 46. Nbd4 Ra2 47. Ne6+ Kf7 48. Nf4 Be4 49. Rb4 (49. Rxb3 g5 50.
Nxh5 (50. Nd3 h4+ 51. Nxh4 gxh4+ 52. Kxh4 $11) 50... Kg6 {trapping the knight
with an inevitable draw.}) 49... h4+ 50. Kg4 b2 51. Nd2 Ba8 52. Nc4 (52. Nd3 $4
b1=Q 53. Nxb1 Rxg2+ 54. Kf4 (54. Kxh4 $2 Bf3 $1 $19 {[%csl Rh4][%cal Rg7g5]})
54... Rg3 55. Rd4 g5+ 56. Kf5 Rf3+ 57. Kg4 Kg6 58. Nf4+ gxf4 {and suddenly
Black is winning.}) 52... g5 53. Rxb2 {White has to give up the extra piece;
the draw is inevitable.} (53. Nd3 $4 Ra4 $1 $19) 53... Rxb2 54. Nxb2 gxf4 55.
Kxf4 Bxg2 56. Kg4 f5+ 57. Kxf5 Bxh3+ 58. Kg5 Be6 59. Kxh4 {A great fighting
game!} 1/2-1/2

[Event "Bundesliga 1112"]
[Site "Germany"]
[Date "2011.11.19"]
[Round "4.3"]
[White "Naiditsch, Arkadij"]
[Black "L'Ami, Erwin"]
[Result "1-0"]
[WhiteElo "2707"]
[BlackElo "2592"]
[Annotator "RR"]
[PlyCount "129"]
[EventDate "2011.10.14"]
[EventType "team-tourn"]
[EventRounds "15"]
[EventCountry "GER"]
[SourceTitle "CBM 146"]
[Source "ChessBase"]
[SourceDate "2012.01.18"]
[SourceVersion "1"]
[SourceVersionDate "2012.01.18"]
[SourceQuality "1"]
[WhiteTeam "Baden-Baden"]
[BlackTeam "Solingen"]
[WhiteTeamCountry "GER"]
[BlackTeamCountry "GER"]

1. e4 e5 2. Nf3 Nc6 3. Bb5 a6 4. Ba4 Nf6 5. d3 d6 6. c3 g6 7. Nbd2 Bg7 8. Nf1
O-O 9. Ng3 b5 10. Bc2 Bb7 11. O-O Nb8 12. d4 Nbd7 13. a4 c5 14. Qe2 exd4 15.
cxd4 Re8 16. Bg5 Qb6 17. Rfd1 cxd4 18. axb5 Nxe4 19. Bxe4 d5 20. Nxd4 $1 Nc5
21. Be3 Nxe4 22. bxa6 Bxa6 23. Qc2 Rec8 24. Qb1 Qb4 25. Nxe4 dxe4 26. Qxe4 Bb7
27. Rxa8 Bxa8 28. Qg4 Rd8 29. Qe2 h5 30. h3 Kh7 31. Qd2 Qb7 32. f3 Rb8 33. Ra1
Qb4 34. Qxb4 Rxb4 35. Rxa8 Bxd4 36. Bxd4 Rxd4 37. Ra1 Rb4 38. Ra2 Rd4 39. Ra1
Rb4 40. Rb1 Kh6 41. b3 Kg5 42. Kf2 Kf4 43. Rb2 g5 44. Ke2 Ke5 45. Kd3 Kd5 46.
Kc3 Rf4 47. Ra2 Kc6 48. Ra4 Rf5 49. Rc4+ Kb5 50. Kd3 f6 51. b4 Rd5+ 52. Rd4 Re5
53. Re4 Rd5+ 54. Ke3 Rd1 55. Rd4 Rb1 $2 (55... Re1+ 56. Kf2 Re8 $16) 56. Ke4
$18 Rb2 57. g4 Rh2 58. Rd6 Rxh3 59. Rxf6 Kxb4 60. Rf5 hxg4 61. fxg4 Rg3 62.
Rxg5 Rg1 63. Kf3 Kc4 64. Ra5 Kd4 65. g5 1-0

[Event "Norway Chess 5th"]
[Site "Stavanger"]
[Date "2017.06.07"]
[Round "2"]
[White "Anand, Viswanathan"]
[Black "Kramnik, Vladimir"]
[Result "0-1"]
[WhiteElo "2786"]
[BlackElo "2808"]
[Annotator "Ramirez Alvarez,A"]
[PlyCount "120"]
[EventDate "2017.06.06"]
[EventType "tourn"]
[EventRounds "9"]
[EventCountry "NOR"]
[EventCategory "22"]
[SourceTitle "CBM 179"]
[Source "ChessBase"]
[SourceDate "2017.07.12"]
[SourceVersion "1"]
[SourceVersionDate "2017.07.12"]
[SourceQuality "1"]

1. e4 e5 2. Nf3 Nc6 3. Bb5 a6 4. Ba4 Nf6 5. O-O Bc5 {An Archangel seems to be
a breath of fresh air after multiple Berlins and Marshalls.} 6. Nc3 $5 {
Something Vishy must have cooked up beforehand. A specialty of Dominguez, it
is very rare compared to 6.c3} b5 (6... O-O 7. Bxc6 dxc6 8. Nxe5 Re8 {recovers
the pawn, which makes castling a viable alternative to the move in the game})
7. Bb3 O-O 8. Nd5 (8. d3 h6 9. Nd5 {is much more common, seen in many of
Dominguez's games. Anand has his own idea, involving a pawn sacrifice.}) 8...
Nxe4 {Kramnik isn't one to refuse a challenge. Also, any other move lacks
justification} (8... h6 9. c3 {with the idea of a quick d4, looks dangerous}) (
8... Bb7 9. c3 {again might be an issue.}) 9. d3 Nf6 10. Bg5 Be7 11. Nxe7+ Qxe7
12. Re1 {After a more or less forced sequence we arrive at this position.
White clearly has compensation for the pawn: two bishops, pressure on e5 and
better development. Black must play accurately, but his position is still
solid and it is hard to crack any weakness. Sometimes, recovering e5 will not
be sufficient for an advantage.} h6 13. Bh4 (13. Bxf6 Qxf6 14. Bd5 Bb7 15. Nxe5
Nxe5 16. Bxb7 Rae8 {is completely fine for Black, even perhaps better for him
due to the superior piece placement!}) 13... Bb7 14. c3 Rfe8 15. d4 (15. Nxe5
Nxe5 16. d4 Nf3+ 17. gxf3 Qd6 {gives Black an edge. The crippled pawns on the
kingside are worth more than the, for now, uncoordinated bishops.}) 15... e4
16. Nd2 Na5 17. Bc2 g5 18. Bg3 Nc4 {Releasing some of the pressure against e4
seems natural, though Black now has to suffer from the activation of some
important pieces.} (18... d5 19. h4 {gives White obvious counterplay. The
position is still terribly murky.}) 19. Nxc4 bxc4 20. b3 Bd5 21. Be5 $6 {
Despite recovering the pawn, this move isn't precise.} (21. h4 $1 Qe6 22. hxg5
hxg5 23. Qd2 {puts real pressure on g5.}) (21. Bxc7 $5 {is also worth
considering, as the bishop will hide on a5 without problems.}) 21... d6 22.
Bxf6 Qxf6 23. bxc4 Bxc4 24. Rxe4 Rxe4 25. Bxe4 Re8 {Material is even, but
Black retains a nagging edge now that his rook controls the only open file and
his pieces are slightly better placed.} 26. Bd3 Qe6 27. Bxc4 Qxc4 28. Qb3 Qd3
29. h3 Kg7 30. Rd1 Qe2 31. Rf1 Re6 32. Qd5 Qd2 {The situation hasn't changed.
Anand has played very well to get to this position and continues holding on.}
33. Qc4 a5 34. Qxc7 $2 {But this is a mistake. Giving Black the outside passed
pawn proves catastrophic.} (34. a4 Re1 {looks dangerous, but after} 35. Rxe1
Qxe1+ 36. Kh2 Qxf2 37. Qxc7 {there isn't anything but a perpetual.}) 34... Qxa2
35. c4 Qd2 36. Qb6 a4 37. Qa7 Qb4 38. f4 Re1 $1 {The transition to the queen
endgame is perfectly timed. The black king is not easily caught in a perpetual
check.} 39. fxg5 Rxf1+ 40. Kxf1 hxg5 41. Kg1 Qxc4 (41... a3 {immediately was
winning.} 42. Kh2 Qb2 43. Qe7 Qd2 $1 {and White can't prevent the pawn from
advancing.}) 42. Kh2 Qb4 43. Qe7 Qd2 44. Qa7 Qf4+ 45. Kh1 Qc1+ 46. Kh2 a3 47.
Qa5 Qf4+ 48. Kh1 Qc1+ 49. Kh2 Qe3 50. Kh1 f6 $2 (50... Kg6 {made Kramnik's
life slightly easier. The point is that White is almost zugzwanged, as the
queen has to keep an eye on the kingside and the a-pawn. This is easy for
computers to see, but for humans it's a huge headache to calculate queen
endgames.} 51. Qa8 Qb3 52. Qg8+ Kf5 53. Qh7+ Ke6 {and the king escapes
successfully.}) 51. Qa4 (51. Qc7+ Kg6 52. Qc4 $1 {would have made Black's task
much, much harder.}) 51... Qc1+ 52. Kh2 Qf4+ 53. Kh1 Qe3 54. Kh2 Kf7 55. Kh1 (
55. Qa7+ Kg6 56. Qa8 Qb3 $1 {is winning. Black places the king on g7, the
queen on f7 and finally pushes a2.}) 55... Kg6 56. Qa8 (56. Qc4 $1 {is still
winning for Black, but much, much harder.}) 56... Kg7 57. Qb7+ Kg6 58. Qa8 (58.
Qd5 $1) 58... Qb3 {Now the pawn advances without problems.} 59. Qe4+ Kg7 60.
Qe7+ Qf7 0-1

[Event "Olympiad-36"]
[Site "Mallorca"]
[Date "2004.10.23"]
[Round "8"]
[White "Morozevich, Alexander"]
[Black "Akopian, Vladimir Eduardovic"]
[Result "1-0"]
[WhiteElo "2758"]
[BlackElo "2692"]
[Annotator "Ramirez Alvarez,A"]
[PlyCount "85"]
[EventDate "2004.10.15"]
[EventType "team-swiss"]
[EventRounds "14"]
[EventCountry "ESP"]
[SourceTitle "CBM 104"]
[Source "ChessBase"]
[SourceDate "2005.01.27"]
[SourceVersion "1"]
[SourceVersionDate "2005.01.27"]
[SourceQuality "1"]
[WhiteTeam "Russia"]
[BlackTeam "Armenia"]
[WhiteTeamCountry "RUS"]
[BlackTeamCountry "ARM"]

1. e4 e5 2. Nf3 Nc6 3. Bb5 a6 4. Ba4 Nf6 5. d3 {Nowadays it is not so uncommon
to see this type of setups in the Ruy Lopez. White avoids the Open Spanish,
the Closed Spanish, and all that theory that has accumulated in the Marshall.}
d6 6. c3 g6 {A normal plan for black in the Spanish is Be7-Re8-Bf8-g6-Bg7, so
Akopian decides to do it right away.} 7. Nbd2 Bg7 8. O-O O-O 9. Re1 b5 (9...
Nd7 {Is another common plan, trying to force the bishop to commit itself,
without weakening the queenside pawn structure.} 10. Nf1 Nc5 11. Bxc6 bxc6 12.
d4 $14 {Was the continuation of many games, and white has an edge.}) 10. Bc2 d5
11. a4 {Hitting the queenside pawn structure, a very common theme in the
Spanish. Despite the fact that at first glance black controls more space and
has a freer game, truth is that it is white who is fighting for the advantage.
White has easier play on the queenside, and his pieces coordinate better.} Rb8
12. b4 {Clinching more space on the queenside. White has a nice edge here.}
dxe4 (12... Be6 {Was perhaps more natural though.} 13. Nb3 {[%csl Rc5][%cal
Gb3c5]} d4 14. axb5 axb5 15. Bb2 $14) 13. dxe4 Nh5 {Black's trying to creat
some type of counterplay on the other wing, but it seems quite unsuccesful. On
the other hand it is not quite clear what he can do about his weaknesses on
the queenside. At least now he is trying to open the a1-h8 diagonal for his
bishop, by trying to force white into exchanging on f4.} 14. Nb3 {Logical, the
N is screaming to get into c5.} Nf4 15. Be3 {White decides that it is not
important to exchange the knight for now, and leaves it alone.} Qf6 16. Bxf4 $1
{A very nice switch. Black would prefer to take back with the e-pawn, but this
basically leads him to a strategically lost game right now.} exf4 $6 (16...
Qxf4 {Was forced, when black still is not much worse.} 17. Nc5 Rd8 18. Qe2 Bf8
19. Nd3 $14 {Even if white still has some initiative.}) 17. e5 $1 {the "weak"
e pawn will take care of shutting the bishop out of play.} Qe7 18. Nbd4 Nxd4
19. Nxd4 {White will keep his e-pawn alive by pure tactical means, but it
proves sufficient!} Bb7 20. axb5 axb5 21. Ra7 $1 {The rook is very strong here,
Morozevich must have forseen the following sequence.} Rfe8 22. Bb3 $1 {Very
energetic! White is willing to sacrifice an exchange to open up the opponents
king, and cut off his coordination.} Bxe5 $6 {This basically loses by force,
but the alternative was also rather gloomy.} (22... Qg5 $2 23. Rxb7 $1 Rxb7 24.
e6 {And it transpires that black has no defence! An incredible position.} f5 (
24... fxe6 25. Nxe6 {Is quite obviously lost for black.}) (24... Kh8 25. exf7
Rf8 26. Ne6 {Is of course winning.}) 25. e7+ Kh8 26. Nc6 $1 $18 {Domination.
Black has no adequate defense against all of whites threats (Qd8, Qd7, Bf7,
Nd8 just to name a few)}) (22... Kh8 {Oh such a sad move, but what else was
there?} 23. e6 fxe6 24. Rxe6 $16 {With a clear white advantage.}) 23. Rxb7 $1
Rxb7 24. Nc6 Qd6 25. Qd5 $1 {The key move, black has no way to save his bishop
on e5, and is forced into a lost endgame.} Qxd5 26. Bxd5 Kg7 27. Kf1 Rb6 28.
Nxe5 Ra6 29. Nc6 {Forcing the rooks off. Whites minor pieces are way too much
for the rook, because of blacks pawn weaknesses, and his inability to create
an usefull passed pawn on the king side.} Rxe1+ 30. Kxe1 Ra1+ 31. Ke2 Rc1 32.
Nd4 Rxc3 33. Kd2 Ra3 34. Nxb5 Ra4 35. Kc3 Ra1 36. Kb2 Rf1 37. Nxc7 {No one
will stop the b pawn, the rest requires no comment.} Rxf2+ 38. Kb3 Rf1 39. b5
g5 40. Kc2 g4 41. b6 f3 42. b7 f2 43. Bc4 {Just the most precise, a very nice
game by Morozevich.} 1-0

[Event "EU-ch 11th"]
[Site "Rijeka"]
[Date "2010.03.14"]
[Round "8"]
[White "Nepomniachtchi, Ian"]
[Black "Inarkiev, Ernesto"]
[Result "1-0"]
[WhiteElo "2656"]
[BlackElo "2667"]
[Annotator "Reeh,O"]
[PlyCount "87"]
[EventDate "2010.03.06"]
[EventType "swiss"]
[EventRounds "11"]
[EventCountry "CRO"]
[SourceTitle "CBM 136"]
[Source "ChessBase"]
[SourceDate "2010.05.18"]
[SourceVersion "1"]
[SourceVersionDate "2010.05.18"]
[SourceQuality "1"]

1. e4 e5 2. Nf3 Nc6 3. Bb5 a6 4. Ba4 Nf6 5. d3 d6 6. c3 g6 7. Nbd2 Bg7 8. O-O
O-O 9. Re1 b5 10. Bc2 Re8 11. a4 Bb7 12. b4 Qe7 13. Nb3 Rad8 14. Qe2 Qd7 15.
Bd2 Rb8 16. axb5 axb5 17. c4 Ne7 18. cxb5 Qxb5 19. Na5 Qd7 20. Ba4 c6 21. Rac1
Rec8 22. d4 exd4 23. Nxd4 Ne8 24. Qd3 Ba8 25. h3 Rb6 26. Nf3 Nc7 27. Nc4 Ra6
28. Bb3 Rd8 29. Bf4 Ne6 30. Bg3 d5 31. Nce5 Qb7 32. Qe2 Rb6 {Failing to
address White's threat. Lässt die weiße Drohung unbeachtet.} ({Possible
defences were Mögliche Verteidigungen waren} 32... Qb5 $5) ({or oder auch} 
32... Re8) 33. Nxf7 $1 {Uprooting the Ne6, but this is only the first step.
Entwurzelt den Ne6, aber das ist nur der erste Schritt.} Kxf7 34. exd5 cxd5 {
[%tqu "En","How would you continue White's attack?","Black's major pieces b6/
b7 cover the knights e6/e7. Disturb this coordination!","","c1c7","",10,"De",
"Wie würden Sie den weißen Angriff fortsetzen?","Die schwarzen Schwerfiguren
b6/b7 decken die Springer e6/e7. Stören Sie diese Koordination!","","c1c7","",
10]} 35. Rc7 $1 {Exploiting the fact that the Ne6 can't give up the e-file.
Nutzt die Tatsache, dass der Ne6 die e-Linie nicht preisgeben darf.} ({Instead,
} 35. Ng5+ $2 Nxg5 36. Rc7 {would be a flash in the pan: wäre dagegen ein
Schlag ins Wasser:} Re6 $1 $19) 35... Rd7 ({Desperation, but after
Verzweiflung, aber nach} 35... Qa6 {(35...Nxc7 36.Qxe7+ Kg8 37.Qxd8+)} 36. Ng5+
$1 {Black's position collapses as well. bricht die schwarze Stellung ebenfalls
zusammen.}) 36. Rxb7 Bxb7 37. Ba4 Ba6 38. Ne5+ Bxe5 39. Qxe5 Ra7 40. Qh8 Nf8
41. Bh4 g5 42. Bxg5 Rg6 43. Qd4 Rb7 44. Qf4+ 1-0

[Event "FIDE World Cup"]
[Site "Tbilisi"]
[Date "2017.09.11"]
[Round "3.4"]
[White "Caruana, Fabiano"]
[Black "Najer, Evgeniy"]
[Result "0-1"]
[WhiteElo "2807"]
[BlackElo "2707"]
[Annotator "Sagar Shah"]
[PlyCount "82"]
[EventDate "2017.09.03"]
[EventType "k.o."]
[EventRounds "7"]
[EventCountry "GEO"]
[SourceTitle "CBM 181"]
[Source "ChessBase"]
[SourceDate "2017.11.10"]
[SourceVersion "1"]
[SourceVersionDate "2017.11.10"]
[SourceQuality "1"]

1. e4 e5 2. Nf3 Nc6 3. Bb5 a6 4. Ba4 Nf6 5. d3 b5 6. Bb3 Bc5 7. c3 d6 8. Nbd2
Bb6 9. Nf1 Ng4 10. d4 exd4 11. h3 (11. cxd4 {was perhaps the right way to go.})
11... Nge5 12. Nxd4 {Najer thought that this entire idea of h3 forcing ...Ne5
and then taking on d4 with the knight was not the best one.} O-O 13. Ng3 Nxd4
14. cxd4 Ba5+ 15. Kf1 (15. Bd2 Nd3+ $17) 15... Nc4 16. Kg1 c5 17. d5 f5 $1 {
This move gives Black a dangerous initiative.} 18. exf5 Bxf5 19. Nxf5 Rxf5 20.
Bc2 Rf7 21. Qe2 {White has the bishop pair, but Black has better co-ordination.
} Qf8 22. Be4 Re8 23. f3 Qe7 24. Rb1 Qe5 25. b3 Nb6 26. Qd3 Bc3 (26... c4 $1)
27. Be3 c4 28. Qd1 $2 (28. bxc4 bxc4 29. Qc2 Nxd5 30. Bxd5 Qxe3+ 31. Qf2 Qe5
$15) 28... Nd7 $1 29. bxc4 Nf6 30. h4 Nxe4 31. fxe4 Qxe4 32. Rh3 bxc4 33. Rc1
Be5 34. Qa4 Rc8 35. Qxa6 Rff8 36. Qa4 Qxd5 37. Qc2 c3 38. Rd1 Qc4 39. h5 Ra8
40. Ra1 Rab8 41. Bc1 Qf1# {Not a good feeling to get mated, but the position
was anyway lost.} 0-1